000
00345nam a2200145Ia 4500
003
OSt
005
20240210105012.0
008
170523s9999 xx 000 0 und d
020
_a
978-0071141390
040
_c
iimt university meerut
100
_a
DOMINICK- JOSEPH
245
0
_a
MASS COMMUNICATION
260
_b
RADHA PUBLICATION
942
_2
ddc
_c
02
999
_c
460
_d
460